[Event "AUTO-OPEN-1239"]
[Site "http://www.queenalice.com/game.php?id=452781"]
[Date "2008.8.24"]
[Round "1"]
[White "PawnOne"]
[Black "reidostorneios"]
[Result "1-0"]
[WhiteElo "1821"]
[BlackElo "1100"]

1. e4 e5 2. Nf3 Nc6 3. Bc4 Bc5 4. Nc3 d6 5. h3 h6 6. d3 Nf6 7. O-O Nd4 8. Nxd4
Bxd4 9. Nd5 Nxd5 10. Bxd5 O-O 11. c3 Bb6 12. Qf3 c6 13. Bc4 Be6 14. Rd1 d5 15.
exd5 cxd5 16. Bb3 Bc7 17. Be3 Qd6 18. Qg3 e4 19. Qxd6 Bxd6 20. dxe4 dxe4 21.
Rxd6 Bxb3 22. axb3 f5 23. Rxa7 Rab8 24. Bf4 b5 25. Rg6 Rf6 26. Rgxg7+ Kf8 27.
Bxb8 1-0

[Event "AUTO-OPEN-1239"]
[Site "http://www.queenalice.com/game.php?id=452803"]
[Date "2008.8.24"]
[Round "1"]
[White "lucianovdemelo"]
[Black "reidostorneios"]
[Result "0-1"]
[WhiteElo "1726"]
[BlackElo "1100"]

1. d4 Nf6 2. c4 g6 3. Nc3 Bg7 4. Nf3 c6 5. Bg5 d5 6. e3 Bg4 7. Be2 Nbd7 8. O-O
Nb6 9. h3 Bxf3 10. Bxf3 Nxc4 11. b3 Nd6 12. Qd3 O-O 13. a4 Nd7 14. e4 f6 15. Bf4
e5 16. dxe5 fxe5 17. Bg3 dxe4 18. Bxe4 Nc5 19. Qe3 Ndxe4 20. Nxe4 Nxe4 21. f3
Nxg3 22. Rfe1 e4 23. Rad1 Qb6 24. Qxb6 axb6 25. Kh2 Be5 26. Kg1 Bd4+ 27. Rxd4
exf3 28. Re3 Nf5 29. Rxf3 Nxd4 30. Rxf8+ Rxf8 31. b4 Ne2+ 32. Kh2 h5 33. Kh1 h4
34. Kh2 Rf4 35. Kh1 Rxb4 36. Kh2 Rxa4 37. Kh1 Ra2 38. Kh2 g5 39. Kh1 Nf4 40. Kh2
Rxg2+ 41. Kh1 Rg3 42. Kh2 Rxh3+ 43. Kg1 Rf3 44. Kh2 g4 45. Kg1 g3 46. Kh1 Rf1#
0-1

[Event "AUTO-OPEN-1239"]
[Site "http://www.queenalice.com/game.php?id=452804"]
[Date "2008.8.24"]
[Round "1"]
[White "reidostorneios"]
[Black "lucianovdemelo"]
[Result "1-0"]
[WhiteElo "1100"]
[BlackElo "1726"]

1. d4 d5 2. c4 e6 3. Nc3 Nf6 4. Bf4 Bb4 5. Nf3 Nc6 6. Ne5 O-O 7. Nxc6 bxc6 8. c5
Ba6 9. Qa4 Bxc3+ 10. bxc3 Ne4 11. Qxa6 Qf6 12. e3 Nxc3 13. Bd3 Rab8 14. Bxc7
Rbc8 15. Be5 Qg5 16. Bg3 h5 17. h4 Qf6 18. Be5 Qe7 19. Bd6 Qd7 20. Bxf8 Kxf8 21.
Qa3 Nb5 22. Bxb5 cxb5 23. Qb4 g6 24. c6+ Qe7 25. Qxe7+ Kxe7 26. Rb1 Rxc6 27. O-O
Rb6 28. Rb4 a5 29. Rbb1 a4 30. Rfc1 a3 31. Rc3 b4 32. Rxa3 bxa3 33. Rxb6 f5 34.
f4 Kf7 35. Ra6 Ke7 36. Rxa3 Kd6 37. Ra6+ Ke7 38. a4 Kf6 39. Rc6 Ke7 40. a5 Kd7
41. Rc5 Kd6 42. a6 Kd7 43. a7 Kd6 44. a8=Q Ke7 45. Rc7+ Kd6 46. Qd8# 1-0

[Event "AUTO-OPEN-1239"]
[Site "http://www.queenalice.com/game.php?id=452817"]
[Date "2008.8.24"]
[Round "1"]
[White "reidostorneios"]
[Black "CONTEMPLATIF"]
[Result "0-1"]
[WhiteElo "1241"]
[BlackElo "1689"]

1. d4 d5 2. c4 e6 3. Nc3 Nf6 4. Bf4 c6 5. e3 Nbd7 6. c5 Be7 7. Nf3 O-O 8. Bd3 b6
9. b4 bxc5 10. bxc5 a5 11. Ne5 Ba6 12. Nxc6 Qe8 13. Nxe7+ Qxe7 14. Bd6 Qe8 15.
Bxf8 Nxf8 16. a4 Bxd3 17. Qxd3 Qc6 18. Nb5 Ne8 19. Qa3 Nd7 20. Rb1 e5 21. O-O
exd4 22. exd4 Nc7 23. Rfe1 Na6 24. Na7 Rxa7 25. Re8+ Nf8 26. Rb6 Qc7 27. Qe3 Rb7
28. Re7 Qxe7 29. Rxa6 Rb1+ 0-1

[Event "AUTO-OPEN-1239"]
[Site "http://www.queenalice.com/game.php?id=452818"]
[Date "2008.8.24"]
[Round "1"]
[White "CONTEMPLATIF"]
[Black "reidostorneios"]
[Result "1-0"]
[WhiteElo "1691"]
[BlackElo "1241"]

1. Nf3 d5 2. d4 Bg4 3. e3 e6 4. c4 Qf6 5. Nbd2 Bb4 6. a3 Bxd2+ 7. Bxd2 Bxf3 8.
Qxf3 Qxf3 9. gxf3 Ne7 10. cxd5 Nxd5 11. e4 Nf6 12. e5 Nd5 13. Bd3 Nc6 14. Ke2
Nxd4+ 15. Kd1 Nb3 16. Rb1 Nxd2 17. Kxd2 O-O-O 18. Rhd1 Nf4 19. Kc2 Nxd3 20. Rxd3
Rxd3 21. Kxd3 c5 22. Rc1 b6 23. b4 Rd8+ 24. Ke2 Rd5 25. bxc5 bxc5 26. f4 Kc7 27.
Ke3 Kc6 28. f3 Kb5 29. Rc3 a5 30. Ke2 1-0

[Event "AUTO-OPEN-1244"]
[Site "http://www.queenalice.com/game.php?id=454872"]
[Date "2008.8.28"]
[Round "1"]
[White "PH_gga"]
[Black "reidostorneios"]
[Result "1-0"]
[WhiteElo "1282"]
[BlackElo "1100"]

1. e4 e5 2. Qf3 Nf6 3. Bc4 Bc5 4. d3 h6 5. Be3 Bxe3 6. Qxe3 d6 7. Qg3 g5 8. Nc3
c6 9. O-O-O b5 10. Bb3 Nbd7 11. d4 exd4 12. Rxd4 d5 13. exd5 O-O 14. dxc6 Nh5
15. Qe3 Re8 16. Qf3 Ne5 17. Rxd8 Nxf3 18. Rxe8+ Kg7 19. gxf3 Nf4 20. Nxb5 a6 21.
Nd6 Bh3 22. Rxa8 Bg2 23. c7 1-0

[Event "AUTO-OPEN-1244"]
[Site "http://www.queenalice.com/game.php?id=454873"]
[Date "2008.8.28"]
[Round "1"]
[White "reidostorneios"]
[Black "PH_gga"]
[Result "0-1"]
[WhiteElo "1257"]
[BlackElo "1381"]

1. d4 d5 2. c4 dxc4 3. e4 Nc6 4. d5 Ne5 5. Bxc4 Nxc4 6. Qa4+ Bd7 7. Qxc4 e5 8.
h3 a6 9. Nc3 Ne7 10. Be3 c6 11. Nge2 cxd5 12. Nxd5 Nxd5 13. Qxd5 Bc6 14. Qxd8+
Rxd8 15. f3 Bb4+ 16. Nc3 Bxc3+ 17. bxc3 Rd3 18. Bd2 Ba4 19. Bg5 Rxc3 20. O-O f6
21. Bd2 Rd3 22. Rac1 Rxd2 23. Rc8+ Rd8 24. Rc7 b5 25. Rxg7 b4 26. Ra7 Bb5 27.
Rb1 Rb8 28. Rxb4 O-O 29. a4 Bd3 30. Rbb7 Rxb7 31. Rxb7 Rf7 32. Rb8+ Kg7 33. Rb3
Bc2 34. Rb6 Bxa4 35. Rxa6 Bb5 36. Rb6 Bd3 37. Rd6 Be2 38. Kf2 Bb5 39. Ke3 h5 40.
Rb6 Bd7 41. g3 Bxh3 0-1

[Event "AUTO-BEG-246"]
[Site "http://www.queenalice.com/game.php?id=455818"]
[Date "2008.8.30"]
[Round "1"]
[White "reidostorneios"]
[Black "Thris"]
[Result "0-1"]
[WhiteElo "1205"]
[BlackElo "1341"]

1. d4 e6 2. c4 Nf6 3. Nc3 Bb4 4. Bg5 h6 5. Bh4 O-O 6. e4 g5 7. Bg3 Nxe4 8. Qc2
Nxg3 9. hxg3 Qf6 10. Ne2 Nc6 11. O-O-O Nxd4 12. Nxd4 Bc5 13. Ne4 Qe5 14. Nf3 Qg7
15. Bd3 b6 16. Nxc5 bxc5 17. Rh3 c6 18. Rdh1 d5 19. Rxh6 f5 20. Rh8+ Kf7 21.
R8h7 dxc4 22. Bxc4 Qxh7 23. Rxh7+ Kf6 24. Qc3+ e5 0-1

[Event "AUTO-BEG-246"]
[Site "http://www.queenalice.com/game.php?id=455819"]
[Date "2008.8.30"]
[Round "1"]
[White "Thris"]
[Black "reidostorneios"]
[Result "1-0"]
[WhiteElo "1352"]
[BlackElo "1194"]

1. d4 Nf6 2. Nf3 g6 3. Bf4 Bg7 4. e3 c6 5. Bd3 d5 6. O-O Bg4 7. h3 Bxf3 8. Qxf3
Nbd7 9. Nc3 O-O 10. Be2 Nh5 11. Nd1 Ndf6 12. Bg5 Ne4 13. Bc4 Nd2 14. Qe2 Nxf1
15. Qxf1 dxc4 16. Qxc4 h6 17. g4 hxg5 18. gxh5 gxh5 19. Nc3 e6 20. Ne4 f5 21.
Qxe6+ Kh8 22. Rd1 fxe4 23. Kf1 Qd5 24. Qg6 Qb5+ 25. Kg1 1-0